<?xml version="1.0" encoding="UTF-8"?>
<collection xmlns="http://www.loc.gov/MARC21/slim">
 <record>
  <leader>01785cam a22004094a 4500</leader>
  <controlfield tag="001">37632</controlfield>
  <controlfield tag="003">BD-DhAAL</controlfield>
  <controlfield tag="005">20220203123520.0</controlfield>
  <controlfield tag="008">220203t2005    caua     b    001 0 eng  </controlfield>
  <datafield tag="999" ind1=" " ind2=" ">
   <subfield code="c">43452</subfield>
   <subfield code="d">43452</subfield>
  </datafield>
  <datafield tag="010" ind1=" " ind2=" ">
   <subfield code="a">  2005001290</subfield>
  </datafield>
  <datafield tag="020" ind1=" " ind2=" ">
   <subfield code="a">0761933484 (hard back)</subfield>
  </datafield>
  <datafield tag="020" ind1=" " ind2=" ">
   <subfield code="a">0761933492 (paper back)</subfield>
  </datafield>
  <datafield tag="020" ind1=" " ind2=" ">
   <subfield code="a">8178294850</subfield>
  </datafield>
  <datafield tag="020" ind1=" " ind2=" ">
   <subfield code="a">8178294869</subfield>
  </datafield>
  <datafield tag="040" ind1=" " ind2=" ">
   <subfield code="a">DLC</subfield>
   <subfield code="c">DLC</subfield>
   <subfield code="d">DLC</subfield>
   <subfield code="d">BD-DhAAL</subfield>
  </datafield>
  <datafield tag="042" ind1=" " ind2=" ">
   <subfield code="a">pcc</subfield>
  </datafield>
  <datafield tag="043" ind1=" " ind2=" ">
   <subfield code="a">a-ii---</subfield>
  </datafield>
  <datafield tag="050" ind1="0" ind2="0">
   <subfield code="a">LA1151</subfield>
   <subfield code="b">.E367 2005</subfield>
  </datafield>
  <datafield tag="082" ind1="0" ind2="0">
   <subfield code="a">370.954</subfield>
   <subfield code="2">22</subfield>
  </datafield>
  <datafield tag="245" ind1="0" ind2="0">
   <subfield code="a">Educational regimes in contemporary India /</subfield>
   <subfield code="c">edited by Radhika Chopra and Patricia Jeffery ; in collaboration with Helmut Reifeld.</subfield>
  </datafield>
  <datafield tag="260" ind1=" " ind2=" ">
   <subfield code="a">New Delhi ; Thousand Oaks, CA :</subfield>
   <subfield code="b">Sage Pub.,</subfield>
   <subfield code="c">2005.</subfield>
  </datafield>
  <datafield tag="300" ind1=" " ind2=" ">
   <subfield code="a">346 pages :</subfield>
   <subfield code="b">illustrations ;</subfield>
   <subfield code="c">23 cm.</subfield>
  </datafield>
  <datafield tag="500" ind1=" " ind2=" ">
   <subfield code="a">&quot;Konrad-Adenaur-Stiftung; ESRC, Economic &amp; Social Research Council.&quot;</subfield>
  </datafield>
  <datafield tag="504" ind1=" " ind2=" ">
   <subfield code="a">Includes bibliographical references (p. [316]-331) and index.</subfield>
  </datafield>
  <datafield tag="541" ind1=" " ind2=" ">
   <subfield code="a">Complimentary copy From BIED 37631</subfield>
   <subfield code="e">37632</subfield>
  </datafield>
  <datafield tag="650" ind1=" " ind2="0">
   <subfield code="a">Education</subfield>
   <subfield code="z">India.</subfield>
   <subfield code="9">45409</subfield>
  </datafield>
  <datafield tag="650" ind1=" " ind2="0">
   <subfield code="a">Education and state</subfield>
   <subfield code="z">India.</subfield>
   <subfield code="9">45410</subfield>
  </datafield>
  <datafield tag="700" ind1="1" ind2=" ">
   <subfield code="a">Chopra, Radhika.</subfield>
   <subfield code="9">45411</subfield>
  </datafield>
  <datafield tag="700" ind1="1" ind2=" ">
   <subfield code="a">Jeffery, Patricia,</subfield>
   <subfield code="d">1947-</subfield>
   <subfield code="9">45412</subfield>
  </datafield>
  <datafield tag="700" ind1="1" ind2=" ">
   <subfield code="a">Reifeld, Helmut.</subfield>
   <subfield code="9">45413</subfield>
  </datafield>
  <datafield tag="710" ind1="2" ind2=" ">
   <subfield code="a">Konrad-Adenauer-Stiftung (New Delhi, India)</subfield>
   <subfield code="9">45414</subfield>
  </datafield>
  <datafield tag="710" ind1="2" ind2=" ">
   <subfield code="a">Economic and Social Research Council (Great Britain)</subfield>
   <subfield code="9">45415</subfield>
  </datafield>
  <datafield tag="856" ind1="4" ind2="1">
   <subfield code="3">Table of contents only</subfield>
   <subfield code="u">http://www.loc.gov/catdir/toc/ecip056/2005001290.html</subfield>
  </datafield>
  <datafield tag="856" ind1="4" ind2="2">
   <subfield code="3">Publisher description</subfield>
   <subfield code="u">http://www.loc.gov/catdir/enhancements/fy0658/2005001290-d.html</subfield>
  </datafield>
  <datafield tag="942" ind1=" " ind2=" ">
   <subfield code="2">ddc</subfield>
   <subfield code="c">BK</subfield>
  </datafield>
  <datafield tag="952" ind1=" " ind2=" ">
   <subfield code="0">0</subfield>
   <subfield code="1">0</subfield>
   <subfield code="2">ddc</subfield>
   <subfield code="4">0</subfield>
   <subfield code="6">370_954000000000000_EDU</subfield>
   <subfield code="7">0</subfield>
   <subfield code="9">69719</subfield>
   <subfield code="a">BRACUL</subfield>
   <subfield code="b">BRACUL</subfield>
   <subfield code="c">GEN</subfield>
   <subfield code="d">2022-02-03</subfield>
   <subfield code="e">Complimentary copy from BIED</subfield>
   <subfield code="l">0</subfield>
   <subfield code="o">370.954 EDU</subfield>
   <subfield code="p">3010037632</subfield>
   <subfield code="r">2022-02-03</subfield>
   <subfield code="t">1</subfield>
   <subfield code="w">2022-02-03</subfield>
   <subfield code="y">BK</subfield>
   <subfield code="x">Transferred from BIED to General Stacks</subfield>
  </datafield>
 </record>
</collection>
